Datum a čas kvízu
19.5
Celkem bodů
Celkový počet nahraných bodů na tomto kvízu bez doplňovacích otázek.
3.
Pořadí na kvízu
Konečné umístění týmu na tomto kvízu.
Zaznamenané odpovědi
| # | Otázka | Odpověď | Body | Výsledky |
|---|---|---|---|---|
| 1. | V neděli byl jeden rychlík Čes... | D | 0 | |
| 2. | Minulý týden se psalo o této k... | Joe Biden (manželé Bidenovi) | 0 | |
| 3. | Ve středu v tiskové zprávě pot... | Disney+ | 1 | |
| 4. | Minulý týden získal jeden auto... | Umí létat. | 1 | |
| 5. | Uveďte jména vítězů mužské a ž... | Rafael Nadal, Ashleigh Bartyová | 0.5 | |
| 6. | Podíváme se na pět filmů, kter... | Vladimír Páral | 0 | |
| 7. | Jak už to tak většinou bývá, v... | Roy Scheider | 0 | |
| 8. | Animovaný film Hledá se Nemo s... | Marlin, Dory | 1 | |
| 9. | Následující film je z německé... | My děti ze stanice Zoo | 1 | |
| 10. | Na základě knižní předlohy spi... | ...a kde je najít, Grindelwaldovy zločiny | 1 |